<?xml version="1.0" encoding="UTF-8"?>
<record
    xmlns:xsi="http://www.w3.org/2001/XMLSchema-instance"
    xsi:schemaLocation="http://www.loc.gov/MARC21/slim http://www.loc.gov/standards/marcxml/schema/MARC21slim.xsd"
    xmlns="http://www.loc.gov/MARC21/slim">

  <leader>00561nam a22001217a 4500</leader>
  <datafield tag="040" ind1=" " ind2=" ">
    <subfield code="c">RUA</subfield>
  </datafield>
  <datafield tag="100" ind1=" " ind2=" ">
    <subfield code="a">PEY DIVOEURN,&#x1796;&#x17C3; &#x178C;&#x17B8;&#x179C;&#x17BF;&#x1793;</subfield>
  </datafield>
  <datafield tag="245" ind1=" " ind2=" ">
    <subfield code="a">GASTROINTESTINAL PARASITES IN CATTLE AT ANGKORCHEY DISTRICT,KAMPOT PROVINCE,&#x1794;&#x179A;&#x17B6;&#x179F;&#x17B7;&#x178F;&#x1780;&#x17D2;&#x1793;&#x17BB;&#x1784;&#x1780;&#x17D2;&#x179A;&#x1796;&#x17C7;&#x1796;&#x17C4;&#x17C7;&#x179C;&#x17C0;&#x1793;&#x1782;&#x17C4;&#x1793;&#x17C5;&#x179F;&#x17D2;&#x179A;&#x17BB;&#x1780;&#x17A2;&#x1784;&#x17D2;&#x1782;&#x179A;&#x1787;&#x17D0;&#x1799; &#x1781;&#x17C1;&#x178F;&#x17D2;&#x178F;&#x1780;&#x17C6;&#x1796;&#x178F;</subfield>
  </datafield>
  <datafield tag="260" ind1=" " ind2=" ">
    <subfield code="a">phnom penh</subfield>
    <subfield code="b">rua</subfield>
    <subfield code="c">2019</subfield>
  </datafield>
  <datafield tag="300" ind1=" " ind2=" ">
    <subfield code="a">x.48p.</subfield>
    <subfield code="b">ill.</subfield>
    <subfield code="c">29cm.</subfield>
  </datafield>
  <datafield tag="856" ind1=" " ind2=" ">
    <subfield code="u">https://drive.google.com/file/d/1BJAs8LE_8IRhzMSGO01BIg9L7La7qjAS/view?usp=share_link</subfield>
  </datafield>
  <datafield tag="942" ind1=" " ind2=" ">
    <subfield code="c">VEM</subfield>
  </datafield>
  <datafield tag="999" ind1=" " ind2=" ">
    <subfield code="c">20393</subfield>
    <subfield code="d">20393</subfield>
  </datafield>
  <datafield tag="952" ind1=" " ind2=" ">
    <subfield code="0">0</subfield>
    <subfield code="1">0</subfield>
    <subfield code="2">ddc</subfield>
    <subfield code="4">0</subfield>
    <subfield code="6">VEM_PEY_2019_000000000000000_B1558_OR</subfield>
    <subfield code="7">0</subfield>
    <subfield code="9">90852</subfield>
    <subfield code="a">LBB</subfield>
    <subfield code="b">LBB</subfield>
    <subfield code="c">B1.558</subfield>
    <subfield code="d">2022-08-30</subfield>
    <subfield code="l">1</subfield>
    <subfield code="o">VEM PEY 2019  B1-558 Or.</subfield>
    <subfield code="p">A070562</subfield>
    <subfield code="r">2025-02-11</subfield>
    <subfield code="s">2025-01-29</subfield>
    <subfield code="w">2022-08-30</subfield>
    <subfield code="y">VEM</subfield>
  </datafield>
  <datafield tag="952" ind1=" " ind2=" ">
    <subfield code="0">0</subfield>
    <subfield code="1">0</subfield>
    <subfield code="2">ddc</subfield>
    <subfield code="4">0</subfield>
    <subfield code="6">VEM_PEY_2019_000000000000000_B1558_OR</subfield>
    <subfield code="7">0</subfield>
    <subfield code="9">90853</subfield>
    <subfield code="a">LBB</subfield>
    <subfield code="b">LBB</subfield>
    <subfield code="c">B1.558</subfield>
    <subfield code="d">2022-08-30</subfield>
    <subfield code="o">VEM PEY 2019  B1-558 Or.</subfield>
    <subfield code="p">A070566</subfield>
    <subfield code="r">2022-08-30</subfield>
    <subfield code="w">2022-08-30</subfield>
    <subfield code="y">VEM</subfield>
  </datafield>
  <datafield tag="952" ind1=" " ind2=" ">
    <subfield code="0">0</subfield>
    <subfield code="1">0</subfield>
    <subfield code="2">ddc</subfield>
    <subfield code="4">0</subfield>
    <subfield code="6">VEM_PEY_2019_000000000000000_B1558_OR</subfield>
    <subfield code="7">0</subfield>
    <subfield code="9">90854</subfield>
    <subfield code="a">LBB</subfield>
    <subfield code="b">LBB</subfield>
    <subfield code="c">B1.558</subfield>
    <subfield code="d">2022-08-30</subfield>
    <subfield code="o">VEM PEY 2019  B1-558 Or.</subfield>
    <subfield code="p">A070514</subfield>
    <subfield code="r">2022-08-30</subfield>
    <subfield code="w">2022-08-30</subfield>
    <subfield code="y">VEM</subfield>
  </datafield>
  <datafield tag="952" ind1=" " ind2=" ">
    <subfield code="0">0</subfield>
    <subfield code="1">0</subfield>
    <subfield code="2">ddc</subfield>
    <subfield code="4">0</subfield>
    <subfield code="6">VEM_PEY_2019_000000000000000_B1558_OR</subfield>
    <subfield code="7">0</subfield>
    <subfield code="9">90855</subfield>
    <subfield code="a">LBB</subfield>
    <subfield code="b">LBB</subfield>
    <subfield code="c">B1.558</subfield>
    <subfield code="d">2022-08-30</subfield>
    <subfield code="l">2</subfield>
    <subfield code="o">VEM PEY 2019  B1-558 Or.</subfield>
    <subfield code="p">A070450</subfield>
    <subfield code="r">2024-07-09</subfield>
    <subfield code="s">2024-07-02</subfield>
    <subfield code="w">2022-08-30</subfield>
    <subfield code="y">VEM</subfield>
  </datafield>
  <datafield tag="952" ind1=" " ind2=" ">
    <subfield code="0">0</subfield>
    <subfield code="1">0</subfield>
    <subfield code="2">ddc</subfield>
    <subfield code="4">0</subfield>
    <subfield code="6">VEM_PEY_2019_000000000000000_B1558_OR</subfield>
    <subfield code="7">0</subfield>
    <subfield code="9">90856</subfield>
    <subfield code="a">LBB</subfield>
    <subfield code="b">LBB</subfield>
    <subfield code="c">B1.558</subfield>
    <subfield code="d">2022-08-30</subfield>
    <subfield code="o">VEM PEY 2019  B1-558 Or.</subfield>
    <subfield code="p">A070570</subfield>
    <subfield code="r">2022-08-30</subfield>
    <subfield code="w">2022-08-30</subfield>
    <subfield code="y">VEM</subfield>
  </datafield>
  <datafield tag="952" ind1=" " ind2=" ">
    <subfield code="0">0</subfield>
    <subfield code="1">0</subfield>
    <subfield code="2">ddc</subfield>
    <subfield code="4">0</subfield>
    <subfield code="6">VEM_PEY_2019_000000000000000_B1558_OR</subfield>
    <subfield code="7">0</subfield>
    <subfield code="9">90857</subfield>
    <subfield code="a">LBB</subfield>
    <subfield code="b">LBB</subfield>
    <subfield code="c">B1.558</subfield>
    <subfield code="d">2022-08-30</subfield>
    <subfield code="o">VEM PEY 2019  B1-558 Or.</subfield>
    <subfield code="p">A070510</subfield>
    <subfield code="r">2022-08-30</subfield>
    <subfield code="w">2022-08-30</subfield>
    <subfield code="y">VEM</subfield>
  </datafield>
</record>
